| 000 | 01224nam a2200301 i 4500 | ||
|---|---|---|---|
| 003 | CO-ViMGA | ||
| 005 | 20230915224422.0 | ||
| 008 | 201210s2020 ck a|||br|||| 00| 0dspa d | ||
| 020 | _a9789583062070 | ||
| 040 |
_aCO-ViMGA _bspa _cCO-ViMGA |
||
| 041 | 1 | _hfre | |
| 082 | 0 | 4 |
_a577.27 _bL11n _222 |
| 100 | 1 |
_aLabbe, Brigitte _d1959- _eautora _9165236 |
|
| 245 | 1 | 3 |
_aLa naturaleza y la contaminacion / _cBrigitte Labbe, Michel Puech ; ilustraciones Jacques Azam ; traduccion Jorge Eduardo Salgar |
| 250 | _aEdicion especial | ||
| 300 |
_a43 paginas _bilustraciones _c18 cm |
||
| 490 | 0 | _aPiĀldoras de sabiduria | |
| 490 | 0 | _aPlan Nacional de Lectura y Escritura Leer es mi Cuento / Ministerio de Cultura | |
| 534 | _tLa nature et la pollution | ||
| 650 | 1 | 7 |
_2LEMB _aConservacion de los recursos naturales _xLiteratura infantil _9165171 |
| 650 | 1 | 7 |
_2LEMB _aContaminacion _xLiteratura infantil _9165170 |
| 650 | 1 | 7 |
_2LEMB _aEcologiĀa _xLiteratura infantil _9165172 |
| 650 | 1 | 7 |
_2LEMB _aProteccion del medio ambiente _xLiteratura infantil _9165173 |
| 700 | 1 |
_aAzam, Jacques _eilustrador _990026 |
|
| 700 | 1 |
_aPuech, Michel _eautor _9165237 |
|
| 700 | 1 |
_aSalgar Restrepo, Jorge Eduardo _etraductor _990027 |
|
| 942 |
_2ddc _cBK |
||
| 999 |
_c9133 _d9133 |
||